[Event "Politiken Cup"]
[Site "Copenhagen"]
[Date "2006.07.25"]
[Round "4.1"]
[White "Kristiansen, Jens"]
[Black "Short, Nigel D"]
[Result "1-0"]
[WhiteElo "2425"]
[BlackElo "2676"]
[PlyCount "71"]
[EventDate "2006.??.??"]

1. e4 e5 2. Bc4 Bc5 3. Nc3 d6 4. d3 c6 5. f4 b5 6. Bb3 Nf6 7. Nf3 Nbd7 8. fxe5
dxe5 9. Bg5 h6 10. Bh4 Qe7 11. Rf1 Bb7 12. Qd2 a5 13. a4 Bb4 14. Qf2 bxa4 15.
Bxa4 Nc5 16. Nd2 Ncd7 17. Nc4 O-O 18. Ne3 Qc5 19. Kd2 Ba6 20. Qf3 Bb5 21. Nf5
Bxa4 22. Nxg7 Nxe4+ 23. Qxe4 Qd4 24. Nf5 Qxe4 25. dxe4 Bb5 26. Rf3 Kh7 27. Rd1
Nc5 28. Kc1 Bxc3 29. Rxc3 Nxe4 30. Re3 Ng5 31. Bxg5 hxg5 32. Rh3+ Kg6 33. g4
Rh8 34. Rd6+ f6 35. Rd7 Rxh3 36. Rg7# 1-0

[Event "Politiken Cup"]
[Site "Copenhagen"]
[Date "2006.07.25"]
[Round "4.3"]
[White "Malakhatko, Vadim"]
[Black "Degtiarev, Evgeny"]
[Result "1-0"]
[WhiteElo "2594"]
[BlackElo "2378"]
[PlyCount "135"]
[EventDate "2006.??.??"]

1. d4 d5 2. c4 c6 3. Nc3 Nf6 4. e3 g6 5. Nf3 Bg7 6. Be2 O-O 7. O-O Be6 8. h3
Re8 9. Ng5 Bc8 10. f4 e6 11. Bd2 b6 12. Rc1 Ba6 13. b3 Nbd7 14. Qe1 Bb7 15. Qf2
Qe7 16. Nf3 c5 17. Ne5 dxc4 18. bxc4 Ne4 19. Nxe4 Bxe4 20. Bc3 Rac8 21. Rfd1
cxd4 22. exd4 f5 23. Nf3 Nf6 24. Nd2 Red8 25. Re1 b5 26. c5 b4 27. Ba1 Bd5 28.
Bf3 Bxa2 29. Nc4 Bxc4 30. Rxc4 a5 31. Qa2 Nd5 32. Bxd5 Rxd5 33. Qxa5 Qh4 34.
Rxe6 Qxf4 35. Qxb4 Ra8 36. Re1 Ra2 37. Kh1 Qg3 38. Rg1 Bh6 39. Qe1 Qxe1 40.
Rxe1 Bf4 41. Rb4 Bg3 42. Reb1 Kf7 43. Rb7+ Kf6 44. Rxh7 f4 45. Bb2 Rxb2 46.
Rxb2 Rxd4 47. Rb6+ Kg5 48. Rb1 Rc4 49. Rhb7 Kh4 50. Rc7 Bf2 51. Rc6 Bxc5 52.
Rxg6 Bf2 53. Rg4+ Kh5 54. Kh2 Rc3 55. Rf1 Bg3+ 56. Kg1 Rc4 57. Rg8 Rc2 58. Rd1
Rb2 59. Rgd8 Re2 60. R8d2 Re4 61. Kf1 Re3 62. Re2 Ra3 63. Re5+ Kh4 64. Re8 Ra2
65. Rh8+ Kg5 66. Rd5+ Kf6 67. Rh6+ Ke7 68. Rb5 1-0

[Event "Politiken Cup"]
[Site "Copenhagen"]
[Date "2006.07.25"]
[Round "4.5"]
[White "Brynell, Stellan"]
[Black "Rasmussen, Allan Stig"]
[Result "0-1"]
[WhiteElo "2497"]
[BlackElo "2353"]
[PlyCount "132"]
[EventDate "2006.??.??"]

1. e4 c6 2. Nf3 d5 3. exd5 cxd5 4. Ne5 Nf6 5. d4 g6 6. Bb5+ Nbd7 7. O-O Bg7 8.
c3 O-O 9. f4 Ne4 10. Bd3 Nd6 11. Nd2 f6 12. Nxd7 Qxd7 13. Qe2 b6 14. Nf3 Bb7
15. Nh4 e6 16. Be3 Rae8 17. Rae1 Bc6 18. b3 b5 19. Nf3 Nf7 20. Bc1 e5 21. fxe5
fxe5 22. Nxe5 Nxe5 23. Rxf8+ Kxf8 24. dxe5 Bxe5 25. Bh6+ Kg8 26. Qd2 Qd6 27. g3
Qc5+ 28. Be3 Qxc3 29. Qxc3 Bxc3 30. Rc1 d4 31. Bd2 b4 32. Bh6 Bd5 33. Rf1 Re1
34. Rxe1 Bxe1 35. Kf1 Bc3 36. Ke2 Kf7 37. Ba6 Be4 38. Bd3 Bb7 39. h4 Kf6 40.
Bg5+ Ke6 41. Bf4 Bc6 42. Bc7 Kf6 43. Bd8+ Ke6 44. Bc7 Kd7 45. Ba5 Bd5 46. Bb5+
Kd6 47. Bd3 Be6 48. Be4 Bd7 49. Bd8 Ke5 50. Bd3 Bg4+ 51. Kf2 Bf5 52. Bc7+ Ke6
53. Ke2 Bxd3+ 54. Kxd3 Kf5 55. Bb8 a6 56. Bd6 h5 57. Bc7 Kg4 58. Ke2 d3+ 59.
Kxd3 Be1 60. Bd6 Kf3 61. Kc4 Bxg3 62. Be7 Kg4 63. Kxb4 Bxh4 64. Bc5 Be1+ 65.
Kc4 h4 66. Kd3 Kf3 0-1

[Event "Politiken Cup"]
[Site "Copenhagen"]
[Date "2006.07.25"]
[Round "4.6"]
[White "Zozulia, Anna"]
[Black "Negi, Parimarjan"]
[Result "1/2-1/2"]
[WhiteElo "2352"]
[BlackElo "2480"]
[PlyCount "109"]
[EventDate "2006.??.??"]

1. e4 e5 2. Nf3 Nc6 3. Bb5 a6 4. Ba4 Nf6 5. O-O Be7 6. Re1 b5 7. Bb3 O-O 8. h3
Bb7 9. d3 Re8 10. Nc3 h6 11. a3 Bc5 12. Be3 Nd4 13. Ba2 Ba7 14. Nd5 c5 15. c3
Nxf3+ 16. Qxf3 Bxd5 17. Bxd5 Nxd5 18. exd5 d6 19. a4 b4 20. Qg4 bxc3 21. bxc3
Qc8 22. Qxc8 Raxc8 23. Rab1 Rb8 24. Kf1 Bb6 25. Rb3 Ba5 26. Reb1 Rxb3 27. Rxb3
f5 28. Ke2 e4 29. c4 Bb4 30. dxe4 f4 31. Bxf4 Rxe4+ 32. Be3 Rxc4 33. Kd3 Rh4
34. Rb1 c4+ 35. Kc2 a5 36. Bd2 c3 37. Bxc3 Rc4 38. Rb3 Bxc3 39. Rxc3 Rxa4 40.
Rc6 Ra2+ 41. Kd3 Rxf2 42. Rxd6 Rxg2 43. Ra6 Kf7 44. Ke4 Re2+ 45. Kf5 Ke7 46.
Rxa5 Kd6 47. h4 Rg2 48. Rb5 h5 49. Ra5 Rg4 50. Ra6+ Kxd5 51. Rg6 Rxh4 52. Rxg7
Rh1 53. Rd7+ Kc6 54. Rd3 h4 55. Ke4 1/2-1/2

[Event "Politiken Cup"]
[Site "Copenhagen"]
[Date "2006.07.25"]
[Round "4.7"]
[White "Rasmussen, Casper"]
[Black "Rasmussen, Karsten"]
[Result "1/2-1/2"]
[WhiteElo "2290"]
[BlackElo "2467"]
[PlyCount "36"]
[EventDate "2006.??.??"]

1. d4 d5 2. c4 e5 3. e3 exd4 4. exd4 Bb4+ 5. Nc3 Nf6 6. Nf3 O-O 7. cxd5 Nxd5 8.
Bd2 Re8+ 9. Be2 Bg4 10. O-O Nc6 11. h3 Bh5 12. Re1 Qd7 13. Ne5 Bxe2 14. Nxd7
Bxd1 15. Raxd1 Nxc3 16. Bxc3 Bd6 17. Nc5 b6 18. Ne4 Bf8 1/2-1/2

[Event "Politiken Cup"]
[Site "Copenhagen"]
[Date "2006.07.25"]
[Round "4.9"]
[White "Hansen, Curt"]
[Black "Christensen, Bo Garner"]
[Result "1/2-1/2"]
[WhiteElo "2625"]
[BlackElo "2247"]
[PlyCount "54"]
[EventDate "2006.??.??"]

1. d4 Nf6 2. c4 c5 3. d5 b5 4. cxb5 a6 5. bxa6 Bxa6 6. g3 d6 7. Bg2 g6 8. b3
Bg7 9. Bb2 Nbd7 10. Nh3 O-O 11. O-O Qb6 12. Bc3 Qb7 13. Re1 Nb6 14. e4 c4 15.
b4 Bb5 16. Bd4 Na4 17. a3 Rfc8 18. Nc3 Nb2 19. Qe2 Nd3 20. Reb1 Bd7 21. Nf4 Bg4
22. f3 Nxd5 23. Bxg7 Qb6+ 24. Kh1 N5xf4 25. gxf4 Nf2+ 26. Kg1 Nh3+ 27. Kh1 Nf2+
1/2-1/2

[Event "Politiken Cup"]
[Site "Copenhagen"]
[Date "2006.07.25"]
[Round "4.10"]
[White "Petersen, Soren Boeck"]
[Black "De Firmian, Nick E"]
[Result "0-1"]
[WhiteElo "2244"]
[BlackElo "2559"]
[PlyCount "82"]
[EventDate "2006.??.??"]

1. e4 Nf6 2. e5 Nd5 3. d4 d6 4. Nf3 g6 5. Bc4 c6 6. O-O Bg7 7. exd6 Qxd6 8.
Nbd2 O-O 9. Bb3 Nd7 10. Nc4 Qc7 11. Re1 N7f6 12. Nce5 Ng4 13. Qe2 Nxe5 14. Nxe5
Be6 15. c3 Rad8 16. h4 Bf5 17. h5 c5 18. hxg6 hxg6 19. Qf3 cxd4 20. cxd4 Qd6
21. Bd2 Be6 22. Rac1 Qb8 23. Rc5 Qd6 24. Ba5 Bxe5 25. Rxe5 Nb6 26. Bxe6 fxe6
27. Qe4 Rf6 28. Bxb6 Qxb6 29. b3 Kf7 30. Rc4 Rh8 31. Rec5 Rf5 32. g4 Rf6 33. d5
Qd6 34. dxe6+ Kg7 35. Qd4 Qh2+ 36. Kf1 Rd8 37. Qe3 Rd3 38. Qe1 Qh1+ 39. Ke2
Qf3+ 40. Kf1 Rd1 41. g5 Qxf2# 0-1

[Event "Politiken Cup"]
[Site "Copenhagen"]
[Date "2006.07.25"]
[Round "4.11"]
[White "Howell, David WL"]
[Black "Royset, Paal"]
[Result "1-0"]
[WhiteElo "2479"]
[BlackElo "2228"]
[PlyCount "59"]
[EventDate "2006.??.??"]

1. e4 e5 2. Nf3 Nc6 3. Bb5 a6 4. Ba4 Nf6 5. O-O Be7 6. Re1 b5 7. Bb3 O-O 8. c3
d6 9. h3 Bb7 10. d4 Re8 11. Nbd2 Bf8 12. a4 exd4 13. cxd4 Nb4 14. Ng5 Re7 15.
Nxf7 Rxf7 16. Bxf7+ Kxf7 17. Qb3+ d5 18. e5 Ne8 19. axb5 axb5 20. Rxa8 Bxa8 21.
Nf3 Be7 22. Bd2 c5 23. dxc5 Na6 24. Qd3 Nxc5 25. Qxh7 Ne4 26. Nd4 Bf8 27. e6+
Ke7 28. Rxe4 dxe4 29. Bb4+ Nd6 30. Qh4+ 1-0

[Event "Politiken Cup"]
[Site "Copenhagen"]
[Date "2006.07.25"]
[Round "4.12"]
[White "Mikkelsen, Nikolaj"]
[Black "Aagaard, Jacob"]
[Result "0-1"]
[WhiteElo "2236"]
[BlackElo "2457"]
[PlyCount "78"]
[EventDate "2006.??.??"]

1. e4 c5 2. Nf3 Nc6 3. d4 cxd4 4. Nxd4 Qb6 5. Nf3 Nf6 6. Nc3 e6 7. Bd3 a6 8.
Qe2 d6 9. O-O Qc7 10. Be3 Ng4 11. Bd2 Be7 12. Nd4 Nge5 13. Nxc6 bxc6 14. a4 a5
15. Rfe1 O-O 16. f4 Nxd3 17. Qxd3 Ba6 18. Qg3 Qd8 19. Red1 d5 20. Be3 f5 21.
exf5 Rxf5 22. Ne4 Qf8 23. Nd2 c5 24. Nb3 Bd6 25. Re1 e5 26. Bd2 e4 27. Nxa5 Re8
28. b4 cxb4 29. Qb3 Kh8 30. g4 Rxf4 31. Bxf4 Qxf4 32. Qg3 Qf6 33. Qg2 Be5 34.
Rad1 e3 35. Rxd5 e2 36. Rd2 Bxh2+ 37. Kxh2 Qh4+ 38. Qh3 Qxe1 39. Qe3 Qh4+ 0-1

[Event "Politiken Cup"]
[Site "Copenhagen"]
[Date "2006.07.25"]
[Round "4.13"]
[White "Tjiam, Dharma"]
[Black "Brondum, Eric"]
[Result "1-0"]
[WhiteElo "2391"]
[BlackElo "2202"]
[PlyCount "77"]
[EventDate "2006.??.??"]

1. d4 d5 2. Nf3 c6 3. c4 e6 4. cxd5 exd5 5. Nc3 Nf6 6. Qc2 Be7 7. Bg5 O-O 8. e3
h6 9. Bf4 Bd6 10. Ne5 Nh5 11. Be2 Nxf4 12. exf4 Qf6 13. Qd2 Re8 14. h4 Qd8 15.
h5 f6 16. Ng6 b5 17. O-O Bf5 18. Nh4 Bh7 19. Bg4 Qc7 20. Rfe1 Nd7 21. g3 b4 22.
Na4 Nf8 23. Rac1 Rad8 24. Kh2 Re4 25. Rxe4 Bxe4 26. Nc5 Re8 27. Kg1 Bh7 28. Nf5
a5 29. Nxd6 Qxd6 30. f5 Nd7 31. Ne6 Nf8 32. Nf4 Qd7 33. Qc2 Re4 34. Qxc6 Re1+
35. Kh2 Rxc1 36. Qxc1 Bxf5 37. Bxf5 Qxf5 38. Qc5 Ne6 39. Qc8+ 1-0

[Event "Politiken Cup"]
[Site "Copenhagen"]
[Date "2006.07.25"]
[Round "4.14"]
[White "Muratet Casadevall, Albert"]
[Black "Jakobsen, Ole"]
[Result "0-1"]
[WhiteElo "2216"]
[BlackElo "2387"]
[PlyCount "159"]
[EventDate "2006.??.??"]

1. e4 c5 2. c3 Nf6 3. e5 Nd5 4. d4 cxd4 5. Nf3 e6 6. cxd4 d6 7. Bg5 Be7 8. Bxe7
Qxe7 9. Nc3 Nxc3 10. bxc3 O-O 11. Bd3 Nd7 12. O-O dxe5 13. dxe5 Nc5 14. Bc2 b6
15. Nd4 Bb7 16. Qg4 Rac8 17. Rfe1 f5 18. exf6 Qxf6 19. Qg3 Bd5 20. a4 Nb7 21.
Re2 Nc5 22. a5 b5 23. Re5 a6 24. Rf1 Bc4 25. Rfe1 Qf4 26. Qxf4 Rxf4 27. g3 Rff8
28. R5e3 g6 29. Rd1 Rfd8 30. Rd2 Nb7 31. Bd1 Nxa5 32. Bg4 Nb3 33. Nxb3 Bxb3 34.
Rb2 Bc4 35. Bxe6+ Bxe6 36. Rxe6 Rxc3 37. Rxa6 Rb8 38. Ra7 Rf3 39. Rb4 Rf7 40.
Ra6 Kf8 41. h4 Ke8 42. f4 Kd8 43. h5 gxh5 44. Rh6 Kc7 45. Rxh5 Kc6 46. Kf2 Rd7
47. g4 Rbb7 48. Re5 Rd5 49. Ree4 Kc5 50. f5 h5 51. f6 Rf7 52. Rf4 hxg4 53. Kg3
Rd6 54. Rb2 Rfxf6 55. Rfb4 Rb6 56. Kxg4 Rf1 57. Kg5 Rd1 58. Kf5 Rd4 59. R4b3 b4
60. Ke5 Rc4 61. Rd3 Rb5 62. Rd6 Rc1 63. Rd8 Re1+ 64. Kf4 b3 65. Rd3 Kc4 66. Rh3
Rd1 67. Rh8 Kc3 68. Re2 b2 69. Rc8+ Kb3 70. Re3+ Ka2 71. Ra8+ Kb1 72. Re2 Rb3
73. Ke4 Rd7 74. Kf4 Kc1 75. Rc8+ Kd1 76. Rh2 b1=Q 77. Rh1+ Kd2 78. Rxb1 Rxb1
79. Rc4 Rb3 80. Ra4 0-1

[Event "Politiken Cup"]
[Site "Copenhagen"]
[Date "2006.07.25"]
[Round "4.17"]
[White "Brinck-Claussen, Bjorn"]
[Black "Hassan, Omar Elsayed"]
[Result "1-0"]
[WhiteElo "2358"]
[BlackElo "2153"]
[PlyCount "82"]
[EventDate "2006.??.??"]

1. e4 c5 2. Nf3 d6 3. d4 cxd4 4. Nxd4 Nf6 5. Nc3 a6 6. Be3 e5 7. Nb3 Be6 8. f3
Be7 9. g4 Nbd7 10. Qd2 b5 11. g5 Nh5 12. Nd5 Bxd5 13. Qxd5 Rc8 14. Qd2 Nb6 15.
Na5 Qc7 16. O-O-O Nf4 17. Bxf4 exf4 18. h4 d5 19. Bh3 Rd8 20. Qd4 O-O 21. e5
Nc4 22. Nxc4 dxc4 23. Qxf4 c3 24. Qe4 b4 25. Kb1 a5 26. b3 a4 27. bxa4 Qa5 28.
Bd7 Rxd7 29. Rxd7 Qxa4 30. Qd5 b3 31. cxb3 Qa3 32. Rh2 Rc8 33. Rc2 Qb4 34. Qd4
Qa3 35. Ra7 Bc5 36. Rxa3 Bxd4 37. Ra5 Kf8 38. Rd5 Be3 39. Rd3 Bf4 40. Rdxc3 Re8
41. Rc8 Bxe5 1-0

[Event "Politiken Cup"]
[Site "Copenhagen"]
[Date "2006.07.25"]
[Round "4.18"]
[White "Adamski, Jan"]
[Black "Petersen, Peter Birk"]
[Result "1-0"]
[WhiteElo "2348"]
[BlackElo "2186"]
[PlyCount "61"]
[EventDate "2006.??.??"]

1. Nf3 Nf6 2. c4 c5 3. Nc3 e6 4. g3 b6 5. Bg2 Bb7 6. O-O Be7 7. d4 cxd4 8. Qxd4
d6 9. Bg5 a6 10. Bxf6 Bxf6 11. Qd3 Be7 12. Rad1 Qc7 13. Nd4 Bxg2 14. Kxg2 Nd7
15. f4 O-O 16. b3 Rfe8 17. f5 Bf8 18. fxe6 fxe6 19. Nf3 Nf6 20. Ne4 Qc6 21.
Nfg5 Nxe4 22. Nxe4 d5 23. cxd5 Qxd5 24. Qf3 Qe5 25. Rd7 Be7 26. Qf7+ Kh8 27.
Rf4 Bg5 28. Nd6 Reb8 29. Qh5 Qd5+ 30. Rf3 Qc6 31. Nf7+ 1-0

[Event "Politiken Cup"]
[Site "Copenhagen"]
[Date "2006.07.25"]
[Round "4.19"]
[White "Dragicevic, Drazen"]
[Black "Lund, Esben"]
[Result "0-1"]
[WhiteElo "2200"]
[BlackElo "2296"]
[PlyCount "104"]
[EventDate "2006.??.??"]

1. e4 e5 2. Nf3 Nc6 3. Bb5 Nf6 4. O-O Nxe4 5. d4 Nd6 6. Bxc6 dxc6 7. dxe5 Nf5
8. Qxd8+ Kxd8 9. Bg5+ Ke8 10. Nc3 Be6 11. Ne4 h6 12. Bd2 Rd8 13. Bc3 c5 14.
Rad1 b6 15. Rxd8+ Kxd8 16. h3 Ne7 17. Rd1+ Kc8 18. Ne1 Ng6 19. Kh2 Be7 20. a3
a5 21. Ng3 h5 22. Ne2 h4 23. f4 Bf5 24. Kg1 Nf8 25. Kf2 Ne6 26. Nd3 Rd8 27. Ke1
c4 28. Nf2 Bc5 29. Rxd8+ Kxd8 30. Ng4 Bxc2 31. Bd2 Bd3 32. Nc3 Nd4 33. Ne3 b5
34. Ncd1 Nb3 35. Nf2 Nxd2 36. Kxd2 Bh7 37. Nfd1 Be4 38. Kc3 Kd7 39. Kd2 Ke6 40.
Nc3 Bc6 41. Ncd1 Be4 42. Ke2 Bd4 43. Kd2 g5 44. fxg5 Kxe5 45. Nc3 Bxe3+ 46.
Kxe3 Bxg2 47. Nxb5 Bxh3 48. Nxc7 Bd7 49. Na6 Bc6 50. Kf2 Kf4 51. Nc5 h3 52. Kg1
Kg3 0-1

[Event "Politiken Cup"]
[Site "Copenhagen"]
[Date "2006.07.25"]
[Round "4.20"]
[White "Jaeger, Frode Bull"]
[Black "Aabling-Thomsen, Jakob"]
[Result "1-0"]
[WhiteElo "2104"]
[BlackElo "2271"]
[PlyCount "79"]
[EventDate "2006.??.??"]

1. e4 g6 2. d4 Bg7 3. Nc3 d6 4. f4 a6 5. Nf3 b5 6. Bd3 Nd7 7. Be3 c5 8. dxc5
Nxc5 9. Bxc5 Bxc3+ 10. bxc3 dxc5 11. c4 Qc7 12. O-O Qxf4 13. cxb5 Nf6 14. Qe2
O-O 15. bxa6 c4 16. Bxc4 Nxe4 17. Nd2 Qxd2 18. Qxe4 Bf5 19. Qe5 e6 20. Rf2 Qb4
21. Bb5 Qa5 22. a4 h5 23. Qf4 Qc3 24. Rc1 Rad8 25. h3 Rd4 26. Qf3 Qc5 27. Rd1
Bxc2 28. Rc1 Rd2 29. Qf4 Rd1+ 30. Rxd1 Bxd1 31. Kh2 e5 32. Qf6 e4 33. Rd2 Bb3
34. Qd4 Qg5 35. Bc6 h4 36. Kg1 e3 37. Re2 Rd8 38. Qxe3 Rd1+ 39. Kh2 Qf6 40. a7
1-0

[Event "Politiken Cup"]
[Site "Copenhagen"]
[Date "2006.07.25"]
[Round "4.21"]
[White "Urkedal, Frode"]
[Black "Andersen, Dan"]
[Result "0-1"]
[WhiteElo "2070"]
[BlackElo "2278"]
[PlyCount "94"]
[EventDate "2006.??.??"]

1. d4 e6 2. Nf3 f5 3. g3 Nf6 4. Bg2 d5 5. c4 c6 6. Nc3 Bd6 7. Bf4 Bxf4 8. gxf4
Nbd7 9. e3 O-O 10. O-O Qe7 11. Ne5 Kh8 12. Qe2 Rg8 13. f3 Nf8 14. b4 Bd7 15. b5
cxb5 16. cxd5 Nxd5 17. Rac1 Nc7 18. e4 h6 19. d5 exd5 20. Rfd1 Be8 21. exd5 Qd6
22. Qc2 b4 23. Ne4 Qb6+ 24. Nf2 Nb5 25. Qxf5 Nc3 26. Rd2 Rd8 27. Bf1 Rxd5 28.
Rxd5 Nxd5 29. Bd3 Qe3 30. Rd1 Nc3 31. Rf1 Ne2+ 32. Kh1 Qxf4 33. Qxf4 Nxf4 34.
Bc4 N8e6 35. Nfd3 Rf8 36. Nxb4 Bh5 37. Rd1 Re8 38. Nd5 Rd8 39. Ne3 Rxd1+ 40.
Nxd1 g5 41. Nf2 Nd4 42. Nf7+ Kg7 43. Nd6 Bxf3+ 44. Kg1 Kf6 45. h3 Nf5 46. Nb5
a6 47. Nc3 Ke5 0-1

[Event "Politiken Cup"]
[Site "Copenhagen"]
[Date "2006.07.25"]
[Round "4.22"]
[White "Hector, Jonny"]
[Black "Kirkegaard, Niels"]
[Result "1-0"]
[WhiteElo "2508"]
[BlackElo "2029"]
[PlyCount "23"]
[EventDate "2006.??.??"]

1. d4 Nf6 2. Nc3 d5 3. Bg5 Nbd7 4. Qd3 c5 5. O-O-O cxd4 6. Qxd4 e6 7. e4 dxe4
8. Nxe4 Qa5 9. Bxf6 gxf6 10. Nxf6+ Nxf6 11. Qxf6 Rg8 12. Bb5+ 1-0

[Event "Politiken Cup"]
[Site "Copenhagen"]
[Date "2006.07.25"]
[Round "4.24"]
[White "Olsson, Tomas"]
[Black "Carstensen, Jacob"]
[Result "0-1"]
[WhiteElo "2084"]
[BlackElo "2326"]
[PlyCount "50"]
[EventDate "2006.??.??"]

1. e4 c5 2. Nf3 d6 3. d4 cxd4 4. Qxd4 a6 5. Bg5 Bg4 6. Nc3 Nc6 7. Qe3 Qa5 8.
Nd2 h6 9. Bh4 g5 10. Nb3 Qd8 11. Bg3 Bg7 12. h4 gxh4 13. Bxh4 Rc8 14. Bd3 Nb4
15. O-O Nf6 16. Rfe1 Bh5 17. f3 Bg6 18. a3 Nxd3 19. cxd3 e6 20. Ne2 Ng4 21.
Bxd8 Nxe3 22. Bb6 Nc2 23. Rec1 Rc6 24. Nbd4 Nxa1 25. Nxc6 Nb3 0-1

[Event "Politiken Cup"]
[Site "Copenhagen"]
[Date "2006.07.25"]
[Round "4.26"]
[White "Sylvan, Jacob"]
[Black "Rutherford, Elaine"]
[Result "1-0"]
[WhiteElo "2279"]
[BlackElo "2093"]
[PlyCount "89"]
[EventDate "2006.??.??"]

1. e4 d5 2. exd5 Qxd5 3. Nc3 Qa5 4. d4 Nf6 5. Bc4 c6 6. Bd2 Bf5 7. Qe2 e6 8. d5
cxd5 9. Nxd5 Qd8 10. Nxf6+ Qxf6 11. O-O-O Ba3 12. c3 Bd6 13. Be3 Bc7 14. Nf3
Nc6 15. Bg5 Qg6 16. h4 Bg4 17. Bd3 Qh5 18. Be4 O-O 19. Rd7 Rac8 20. Qb5 Bb6 21.
Qa4 f6 22. Be3 Bxe3+ 23. fxe3 b5 24. Qb3 Qc5 25. Nd4 Nxd4 26. exd4 Qb6 27. Kb1
Kh8 28. Rb7 Qd6 29. Qxb5 e5 30. d5 Rc5 31. Qb3 f5 32. Bf3 Bxf3 33. gxf3 Rxd5
34. a3 e4 35. Rg1 g6 36. h5 Qc5 37. Rf1 Rg8 38. fxe4 fxe4 39. Rff7 Rxh5 40. Qe6
Qg5 41. Qd7 Qg1+ 42. Ka2 Qh2 43. Qd4+ Re5 44. Qxe5+ Qxe5 45. Rxh7# 1-0

[Event "Politiken Cup"]
[Site "Copenhagen"]
[Date "2006.07.25"]
[Round "4.27"]
[White "Christensen, Stefan"]
[Black "Lauritsen, Martin Lee"]
[Result "1-0"]
[WhiteElo "2277"]
[BlackElo "2080"]
[PlyCount "133"]
[EventDate "2006.??.??"]

1. e4 c5 2. c3 Nf6 3. e5 Nd5 4. d4 cxd4 5. Nf3 e6 6. Bc4 Nb6 7. Bb3 dxc3 8.
Nxc3 d6 9. exd6 Qxd6 10. Qe2 a6 11. O-O Be7 12. Rd1 Qc7 13. a4 Nc6 14. g3 Nd7
15. Bf4 Qa5 16. Ne4 O-O 17. Nd6 Nf6 18. Ng5 h6 19. Nge4 Nxe4 20. Qxe4 Qb4 21.
Qxb4 Nxb4 22. Rac1 Rd8 23. Rc7 Bf8 24. Nxc8 Raxc8 25. Rxd8 Rxd8 26. Rxb7 Nd3
27. Be3 Bc5 28. Bc2 Bxe3 29. fxe3 Ne5 30. Rb4 g5 31. Be4 Rd1+ 32. Kg2 f5 33.
Bb7 Rd2+ 34. Kf1 Rd6 35. Ke2 Nd3 36. Rd4 Rxd4 37. exd4 Nxb2 38. Bc6 Kf8 39. Kd2
Nc4+ 40. Kd3 Nd6 41. a5 Ke7 42. Kc3 Kd8 43. Bf3 Kc7 44. Be2 Kb7 45. Bf3+ Ne4+
46. Kd3 Kc6 47. Bxe4+ fxe4+ 48. Kxe4 Kd6 49. g4 Kd7 50. Ke5 Ke7 51. d5 exd5 52.
Kxd5 Kd7 53. Kc5 Kc7 54. h3 Kd7 55. Kb6 Kd6 56. Kxa6 Ke5 57. Kb5 Kf4 58. a6 Kg3
59. a7 Kxh3 60. a8=Q Kxg4 61. Qg2+ Kh5 62. Kc5 g4 63. Kd5 Kg5 64. Ke4 h5 65.
Qh2 h4 66. Qf4+ Kh5 67. Kf5 1-0

[Event "Politiken Cup"]
[Site "Copenhagen"]
[Date "2006.07.25"]
[Round "4.28"]
[White "Rhee, Alexander"]
[Black "Nielsen, Max"]
[Result "0-1"]
[WhiteElo "2072"]
[BlackElo "2267"]
[PlyCount "66"]
[EventDate "2006.??.??"]

1. e4 e5 2. Nf3 Nc6 3. Bb5 a6 4. Ba4 Nf6 5. O-O b5 6. Bb3 Bb7 7. d3 Be7 8. Nc3
d6 9. a3 O-O 10. Re1 h6 11. Ne2 Re8 12. Ng3 Bf8 13. c3 Na5 14. Ba2 c5 15. b4
Nc6 16. Bd2 Bc8 17. h3 Be6 18. Bxe6 Rxe6 19. d4 cxd4 20. cxd4 Nxd4 21. Nxd4
exd4 22. Bf4 Qb6 23. Qd3 Rae8 24. Rad1 d5 25. f3 dxe4 26. Nxe4 Nd5 27. Bg3 Ne3
28. Nc5 Bxc5 29. bxc5 Qxc5 30. Qxd4 Qg5 31. Rd2 Qxg3 32. Rde2 Nxg2 33. Rxg2
Rxe1# 0-1

[Event "Politiken Cup"]
[Site "Copenhagen"]
[Date "2006.07.25"]
[Round "4.29"]
[White "Semcesen, Daniel"]
[Black "Hyldkrog, Lars"]
[Result "1-0"]
[WhiteElo "2266"]
[BlackElo "2074"]
[PlyCount "69"]
[EventDate "2006.??.??"]

1. Nf3 Nf6 2. g3 d5 3. Bg2 c5 4. O-O Nc6 5. c4 d4 6. e3 e5 7. exd4 exd4 8. d3
Be7 9. Na3 O-O 10. Re1 h6 11. Nc2 Bf5 12. a3 a5 13. Ne5 Ra6 14. Qf3 Bh7 15.
Nxc6 Rxc6 16. Bd2 a4 17. Rab1 Rc8 18. b3 axb3 19. Rxb3 b6 20. Reb1 Rb8 21. a4
Bd6 22. Na3 Nd7 23. Nb5 Ne5 24. Qd5 Bc7 25. Bf4 Re8 26. Nxc7 Qxc7 27. a5 bxa5
28. Rxb8 Rxb8 29. Rxb8+ Qxb8 30. Qxe5 Qb1+ 31. Bf1 Bxd3 32. Qb8+ Qxb8 33. Bxb8
Bxf1 34. Kxf1 a4 35. Ba7 1-0

[Event "Politiken Cup"]
[Site "Copenhagen"]
[Date "2006.07.25"]
[Round "4.30"]
[White "Forsaa, Espen"]
[Black "Lahlum, Hans Olav"]
[Result "1-0"]
[WhiteElo "2065"]
[BlackElo "2264"]
[PlyCount "127"]
[EventDate "2006.??.??"]

1. e4 e6 2. d4 d5 3. Nc3 Bb4 4. e5 c5 5. Bd2 Ne7 6. f4 O-O 7. Nf3 f6 8. Bd3
cxd4 9. exf6 Rxf6 10. Nb5 Bc5 11. b4 Bb6 12. a4 a6 13. a5 axb5 14. axb6 Rxa1
15. Qxa1 Qxb6 16. Qxd4 Qxd4 17. Nxd4 Nbc6 18. Ne2 e5 19. fxe5 Nxe5 20. Bxb5 Nc4
21. Bg5 Re6 22. Bxe7 Rxe7 23. Bxc4 dxc4 24. Kd2 Bg4 25. Nd4 Rf7 26. Kc3 Rf2 27.
g3 Bh3 28. Kxc4 Bf1+ 29. Kc5 Kf7 30. h4 h5 31. Rg1 Bh3 32. Re1 Rd2 33. Re4 Kf6
34. b5 Bg2 35. Rf4+ Ke5 36. c3 Rd3 37. Kc4 Rxg3 38. Rf5+ Ke4 39. Rxh5 Bf1+ 40.
Kb4 Bg2 41. Rh7 Ke5 42. h5 Be4 43. Rh8 Bd5 44. h6 gxh6 45. Rxh6 Rg8 46. Rh5+
Kd6 47. c4 Be4 48. Ne2 Kc7 49. Nc3 Bf3 50. Rh7+ Kb8 51. Rf7 Bg2 52. Nd5 Bxd5
53. cxd5 b6 54. Kc3 Rc8+ 55. Kd4 Rc5 56. d6 Rc1 57. Kd5 Kc8 58. Rc7+ Rxc7 59.
dxc7 Kxc7 60. Ke6 Kb7 61. Kd7 Ka7 62. Kc7 Ka8 63. Kxb6 Kb8 64. Ka6 1-0

[Event "Politiken Cup"]
[Site "Copenhagen"]
[Date "2006.07.25"]
[Round "4.31"]
[White "Albrecht, Rainer"]
[Black "Bering, Anders"]
[Result "1-0"]
[WhiteElo "2256"]
[BlackElo "2046"]
[PlyCount "67"]
[EventDate "2006.??.??"]

1. d4 Nf6 2. c4 e6 3. Nc3 d5 4. cxd5 exd5 5. Bg5 Be7 6. e3 c6 7. Bd3 Ne4 8.
Bxe7 Qxe7 9. Qc2 f5 10. Nxd5 cxd5 11. Qxc8+ Kf7 12. Qxf5+ Nf6 13. a3 Nc6 14.
Nf3 g6 15. Qg5 Rag8 16. Ne5+ Nxe5 17. dxe5 Nd7 18. Qxe7+ Kxe7 19. f4 g5 20. g3
d4 21. exd4 gxf4 22. gxf4 Rg2 23. O-O-O Rc8+ 24. Kb1 Nb6 25. Rhg1 Rf2 26. f5
Kf8 27. f6 Na4 28. Rc1 Rxb2+ 29. Ka1 Rxc1+ 30. Rxc1 Rf2 31. Rc8+ Kf7 32. Bc4+
Kg6 33. Rg8+ Kh5 34. f7 1-0

[Event "Politiken Cup"]
[Site "Copenhagen"]
[Date "2006.07.25"]
[Round "4.32"]
[White "Rosenkilde, Alexander"]
[Black "Hanssen, Gunnar Berg"]
[Result "0-1"]
[WhiteElo "2054"]
[BlackElo "2254"]
[PlyCount "68"]
[EventDate "2006.??.??"]

1. d4 Nf6 2. c4 e6 3. Nf3 b6 4. a3 Ba6 5. Qc2 Bb7 6. Nc3 c5 7. e4 cxd4 8. Nxd4
Nc6 9. Nxc6 Bxc6 10. Be2 Qc7 11. O-O Bd6 12. f4 h5 13. b4 Be7 14. e5 Ng4 15.
Ne4 a5 16. Bd2 Rc8 17. Qd3 f5 18. Ng3 g6 19. Bf3 Kf7 20. h3 Nh6 21. Rac1 axb4
22. axb4 Ra8 23. Qb3 Qa7 24. Ra1 Qxa1 25. Rxa1 Rxa1+ 26. Nf1 Rha8 27. Bxc6 dxc6
28. Qd3 c5 29. Qd7 cxb4 30. Bxb4 R8a7 31. Qb5 Rb1 32. Qxb6 Raa1 33. c5 Rxf1+
34. Kh2 h4 0-1

[Event "Politiken Cup"]
[Site "Copenhagen"]
[Date "2006.07.25"]
[Round "4.33"]
[White "Wustefeld, Carl"]
[Black "Ertbjerg, Andreas Lund"]
[Result "1-0"]
[WhiteElo "2248"]
[BlackElo "2034"]
[PlyCount "71"]
[EventDate "2006.??.??"]

1. d4 e6 2. Nf3 Nf6 3. Bf4 c5 4. e3 Nc6 5. Nbd2 d5 6. c3 Bd7 7. Qb3 Na5 8. Qc2
Rc8 9. h3 Be7 10. Bd3 cxd4 11. exd4 Nc4 12. Ne5 b5 13. O-O O-O 14. Rfe1 Bc6 15.
Ndf3 h6 16. Qe2 Qe8 17. Nh2 a6 18. Rad1 Nd6 19. Bb1 b4 20. Nhg4 Bb5 21. Nxf6+
Bxf6 22. Qh5 bxc3 23. bxc3 Bxe5 24. Bxe5 Nc4 25. Bxg7 Kxg7 26. Rd3 f5 27. Rg3+
Kh7 28. Qg5 Rc7 29. Qf4 Qf7 30. Rxe6 Qxe6 31. Qxc7+ Rf7 32. Qd8 Rg7 33. Qf8
Rxg3 34. Bxf5+ Qg6 35. Qf7+ Kh8 36. Bxg6 1-0

[Event "Politiken Cup"]
[Site "Copenhagen"]
[Date "2006.07.25"]
[Round "4.34"]
[White "Nielsen, Lars Aaes"]
[Black "Strand, Haakon"]
[Result "1/2-1/2"]
[WhiteElo "2247"]
[BlackElo "2034"]
[PlyCount "64"]
[EventDate "2006.??.??"]

1. e4 c5 2. c3 d5 3. exd5 Qxd5 4. d4 Nc6 5. Nf3 cxd4 6. cxd4 e5 7. Nc3 Bb4 8.
Bd2 Bxc3 9. Bxc3 e4 10. Nd2 Nf6 11. Bc4 Qg5 12. d5 Ne5 13. Bb5+ Bd7 14. Bxd7+
Nexd7 15. O-O O-O 16. Re1 Rfe8 17. d6 Re6 18. Qc2 Rae8 19. Re3 Qc5 20. Qa4 b5
21. Qb4 Nd5 22. Qxc5 Nxc5 23. Rg3 Nxc3 24. Rxc3 Rxd6 25. Nf1 Nd3 26. Ng3 g6 27.
Rd1 Rde6 28. b3 R8e7 29. h3 Ra6 30. Rd2 Nb4 31. Rc5 Nxa2 32. Rxb5 e3 1/2-1/2